[Event "St Petersburg FINEC IM 9th"]
[Site "St Petersburg"]
[Date "2009.02.04"]
[Round "9"]
[White "Gogin, Ruslan"]
[Black "Novitzkij, Dmitrij"]
[Result "0-1"]
[WhiteElo "2161"]
[BlackElo "2328"]
[PlyCount "70"]
[EventDate "2009.01.28"]
[EventType "tourn"]
[EventRounds "9"]
[EventCountry "RUS"]
[EventCategory "2"]
[SourceTitle "EXT 2010"]
[Source "ChessBase"]
[SourceDate "2010.11.25"]
[SourceVersion "1"]
[SourceVersionDate "2010.11.25"]
[SourceQuality "1"]

1. d4 d5 2. c4 c6 3. Nf3 Nf6 4. Nc3 e6 5. e3 Nbd7 6. Qc2 Bd6 7. g4 h6 8. Rg1 dxc4 9. Bxc4 b5 10. g5 bxc4 11. gxf6 gxf6 12. Ne4 Nb6 13. b3 Bb4+ 14. Bd2 cxb3 15. axb3 Be7 16. Ba5 Rb8 17. Nfd2 f5 18. Nc5 Qd5 19. Bc3 Ra8 20. Ra5 Qd6 21. e4 Qxh2 22. Nf3 Qh3 23. d5 Rf8 24. Ne5 cxd5 25. Bd4 f6 26. Ng6 Rg8 27. Nd3 fxe4 28. Qc7 Bd7 29. Nc5 Rc8 30. Qxa7 Bxc5 31. Bxc5 Qc3+ 32. Ke2 Rxc5 33. Qb8+ Rc8 34. Qd6 Qd3+ 35. Ke1 Rc1# 0-1

[Event "St Petersburg FINEC IM 9th"]
[Site "St Petersburg"]
[Date "2009.01.31"]
[Round "5"]
[White "Karalkin, Maksim"]
[Black "Gogin, Ruslan"]
[Result "0-1"]
[WhiteElo "2190"]
[BlackElo "2161"]
[PlyCount "100"]
[EventDate "2009.01.28"]
[EventType "tourn"]
[EventRounds "9"]
[EventCountry "RUS"]
[EventCategory "2"]
[SourceTitle "EXT 2010"]
[Source "ChessBase"]
[SourceDate "2010.11.25"]
[SourceVersion "1"]
[SourceVersionDate "2010.11.25"]
[SourceQuality "1"]

1. e4 c5 2. c3 Nf6 3. e5 Nd5 4. Nf3 Nc6 5. Na3 g6 6. Bc4 Nb6 7. Bb3 Bg7 8. d4 cxd4 9. cxd4 d5 10. h3 Bf5 11. 0-0 0-0 12. Be3 Na5 13. Bc2 Nac4 14. Bxf5 gxf5 15. Nxc4 dxc4 16. Qd2 Kh8 17. Bh6 Rg8 18. Ng5 Qf8 19. Bxg7+ Qxg7 20. f4 h6 21. Nf3 Qg3 22. e6 f6 23. Ne1 Qxh3 24. Rf3 Rg3 25. Kf2 Qh4 26. Rxg3 Rg8 27. Qe3 Nd5 28. Qf3 Nxf4 29. d5 Nh5 30. Qxh5 Qxh5 31. Rxg8+ Kxg8 32. Nf3 Qe8 33. Rd1 Kf8 34. Rd2 Qb8 35. Rd4 b5 36. Rh4 Kg7 37. Rd4 Kf8 38. a3 a5 39. Nh4 Ke8 40. Nxf5 Qe5 41. g4 h5 42. Kf3 b4 43. axb4 axb4 44. d6 exd6 45. Nxd6+ Kf8 46. e7+ Qxe7 47. Nxc4 Qb7+ 48. Kg3 h4+ 49. Kf4 h3 50. Nd6 Qb6 0-1

[Event "St Petersburg FINEC IM 9th"]
[Site "St Petersburg"]
[Date "2009.01.30"]
[Round "3"]
[White "Frolochkin, Vladimir"]
[Black "Gogin, Ruslan"]
[Result "1-0"]
[WhiteElo "2336"]
[BlackElo "2161"]
[PlyCount "57"]
[EventDate "2009.01.28"]
[EventType "tourn"]
[EventRounds "9"]
[EventCountry "RUS"]
[EventCategory "2"]
[SourceTitle "EXT 2010"]
[Source "ChessBase"]
[SourceDate "2010.11.25"]
[SourceVersion "1"]
[SourceVersionDate "2010.11.25"]
[SourceQuality "1"]

1. e4 c5 2. Nf3 Nc6 3. Bb5 e6 4. 0-0 Nge7 5. Re1 Nd4 6. Nxd4 cxd4 7. c3 Nc6 8. d3 e5 9. Nd2 Bc5 10. Nb3 Bb6 11. Qh5 dxc3 12. bxc3 0-0 13. Bg5 Qc7 14. d4 d6 15. Rad1 a5 16. Rd3 f6 17. Bc1 Na7 18. Ba4 Be6 19. Red1 Qc4 20. Nc5 Bf7 21. Qg4 dxc5 22. Bh6 g6 23. Bb3 Qb5 24. dxc5 Qxc5 25. Rd7 Qxf2+ 26. Kh1 f5 27. Qg5 Bxb3 28. Rg7+ Kh8 29. Qe7 1-0

[Event "St Petersburg FINEC IM 9th"]
[Site "St Petersburg"]
[Date "2009.01.28"]
[Round "1"]
[White "Merzliakov, Evgeniy"]
[Black "Gogin, Ruslan"]
[Result "1-0"]
[WhiteElo "2226"]
[BlackElo "2161"]
[PlyCount "69"]
[EventDate "2009.01.28"]
[EventType "tourn"]
[EventRounds "9"]
[EventCountry "RUS"]
[EventCategory "2"]
[SourceTitle "EXT 2010"]
[Source "ChessBase"]
[SourceDate "2010.11.25"]
[SourceVersion "1"]
[SourceVersionDate "2010.11.25"]
[SourceQuality "1"]

1. d4 Nf6 2. Nf3 c5 3. c3 b6 4. g3 Bb7 5. Bg2 d6 6. 0-0 Nbd7 7. Nbd2 Qc7 8. Re1 cxd4 9. cxd4 Rc8 10. e4 e5 11. b3 b5 12. Qe2 Qc3 13. Ba3 Qa5 14. dxe5 dxe5 15. Bxf8 Kxf8 16. a4 bxa4 17. Rxa4 Qb6 18. Ra3 a6 19. Nc4 Qb4 20. Qd3 Ke7 21. Ra4 Qc5 22. Ra5 Qb4 23. Rea1 Bxe4 24. Qe3 Bxf3 25. Bxf3 Rhd8 26. R1a4 Qb8 27. Nxe5 Nxe5 28. Rxe5+ Kf8 29. Rxa6 Qb4 30. Rxf6 gxf6 31. Qh6+ Kg8 32. Be4 f5 33. Bxf5 Rd1+ 34. Kg2 Qb7+ 35. Be4 1-0

[Event "Hallsberg"]
[Site "Hallsberg"]
[Date "2004.01.04"]
[Round "8"]
[White "Sedlak, Nikola"]
[Black "Gogin, Ruslan"]
[Result "1-0"]
[WhiteElo "2543"]
[BlackElo "2097"]
[PlyCount "121"]
[EventDate "2003.12.28"]
[EventType "tourn"]
[EventRounds "9"]
[EventCountry "SWE"]
[EventCategory "5"]
[SourceTitle "CBM 098 Extra"]
[Source "ChessBase"]
[SourceDate "2004.03.10"]
[SourceVersion "2"]
[SourceVersionDate "2004.03.10"]
[SourceQuality "1"]

1. e4 c5 2. Nf3 Nc6 3. Bb5 e6 4. 0-0 Nge7 5. Re1 Nd4 6. Nxd4 cxd4 7. c4 Ng6 8. d3 Bd6 9. Nd2 0-0 10. Nf3 e5 11. Bd2 b6 12. Ng5 Be7 13. Qh5 Bxg5 14. Bxg5 Qc7 15. Rf1 Bb7 16. Qg4 Bc6 17. Bxc6 dxc6 18. f4 exf4 19. Bxf4 Nxf4 20. Rxf4 Rae8 21. Raf1 Kh8 22. Rf5 f6 23. b4 Qd6 24. a3 a5 25. c5 bxc5 26. Rxc5 axb4 27. axb4 Rb8 28. Rfc1 Rxb4 29. Rxc6 Qe5 30. Rc7 f5 31. exf5 Rb7 32. Qg3 Qxg3 33. hxg3 Rxc7 34. Rxc7 h5 35. Rc5 Kh7 36. f6 g6 37. Rc7+ Kh6 38. f7 Kg5 39. Kf2 Kf5 40. Kf3 g5 41. g4+ hxg4+ 42. Kg3 Rd8 43. Rc5+ Ke6 44. Kxg4 Kxf7 45. Rxg5 Kf6 46. Kf4 Ke6 47. Ke4 Rd7 48. g4 Rd8 49. Re5+ Kf6 50. g5+ Kg6 51. Rd5 Re8+ 52. Kxd4 Re1 53. Re5 Rd1 54. Ke4 Rd2 55. d4 Rd1 56. Kd5 Rd2 57. Kc5 Ra2 58. d5 Rc2+ 59. Kd6 Ra2 60. Ke6 Kg7 61. d6 1-0

[Event "Hallsberg"]
[Site "Hallsberg"]
[Date "2004.01.02"]
[Round "6"]
[White "Wallin, Denis"]
[Black "Gogin, Ruslan"]
[Result "1/2-1/2"]
[WhiteElo "2129"]
[BlackElo "2097"]
[PlyCount "87"]
[EventDate "2003.12.28"]
[EventType "tourn"]
[EventRounds "9"]
[EventCountry "SWE"]
[EventCategory "5"]
[SourceTitle "CBM 098 Extra"]
[Source "ChessBase"]
[SourceDate "2004.03.10"]
[SourceVersion "2"]
[SourceVersionDate "2004.03.10"]
[SourceQuality "1"]

1. Nf3 c5 2. c4 g6 3. g3 Bg7 4. Bg2 Nc6 5. 0-0 d6 6. Nc3 e5 7. Rb1 Nge7 8. Ne1 0-0 9. a3 a5 10. Nc2 Be6 11. Nd5 a4 12. d3 Bxd5 13. cxd5 Na5 14. Na1 b5 15. e3 Qc7 16. Bd2 Rfb8 17. f4 Ra7 18. Qe1 Qb6 19. fxe5 dxe5 20. e4 Nc8 21. Qf2 Nd6 22. Be3 Rc7 23. Rbc1 Ndb7 24. Rc2 Qd6 25. Rfc1 Bf8 26. d4 Nc4 27. Rxc4 bxc4 28. dxe5 Qb6 29. d6 Nxd6 30. exd6 Bxd6 31. Bf1 Qxb2 32. Qxb2 Rxb2 33. Bxc4 Rcb7 34. Bd5 Rb8 35. Rf1 Rb1 36. Nc2 Rxf1+ 37. Kxf1 Rb2 38. Ne1 c4 39. Bxc4 Bxa3 40. Nd3 Rb1+ 41. Ke2 Bd6 42. e5 Be7 43. h4 a3 44. Nc1 1/2-1/2

[Event "Hallsberg"]
[Site "Hallsberg"]
[Date "2004.01.01"]
[Round "5"]
[White "Gogin, Ruslan"]
[Black "Semcesen, Daniel"]
[Result "1-0"]
[WhiteElo "2097"]
[BlackElo "2239"]
[PlyCount "124"]
[EventDate "2003.12.28"]
[EventType "tourn"]
[EventRounds "9"]
[EventCountry "SWE"]
[EventCategory "5"]
[SourceTitle "CBM 098 Extra"]
[Source "ChessBase"]
[SourceDate "2004.03.10"]
[SourceVersion "2"]
[SourceVersionDate "2004.03.10"]
[SourceQuality "1"]

1. d4 d5 2. c4 c6 3. Nf3 Nf6 4. Nc3 a6 5. Ne5 dxc4 6. a4 Bf5 7. f3 h6 8. e4 Bh7 9. Bxc4 e6 10. Qb3 Qc8 11. a5 Be7 12. Na4 Nbd7 13. Bf4 g5 14. Bg3 Bg8 15. Ke2 Bd8 16. Qc3 Rh7 17. b4 Nh5 18. Nxd7 Qxd7 19. Nc5 Nxg3+ 20. hxg3 Qc7 21. e5 Be7 22. Rh5 0-0-0 23. Rah1 Bf8 24. Ne4 Rh8 25. Bd3 Bh7 26. Rc1 Bxe4 27. Bxe4 Kb8 28. Rhh1 Qd7 29. Ke3 Be7 30. g4 f5 31. gxf5 exf5 32. Bb1 f4+ 33. Kd3 h5 34. Qc4 g4 35. Kc3 gxf3 36. gxf3 h4 37. Rcg1 h3 38. Rg4 Rdf8 39. Ba2 Bh4 40. Qe6 Qd8 41. Rg7 h2 42. Rd7 Qe8 43. Qd6+ Ka8 44. b5 Qh5 45. bxa6 Qxf3+ 46. Kb4 Rb8 47. axb7+ Rxb7+ 48. Rxb7 Kxb7 49. Rxh2 Rb8 50. Rxh4 Ka8+ 51. Qxb8+ Kxb8 52. Rh8+ Kc7 53. Rh7+ Kd8 54. Rh8+ Kc7 55. Rh7+ Kd8 56. Rh8+ Ke7 57. Rh7+ Kd8 58. Rh8+ Ke7 59. Rh7+ Kf8 60. a6 Qe2 61. a7 Qb2+ 62. Kc5 Qa3+ 1-0

[Event "EST-ch"]
[Site "Tallinn"]
[Date "2003.05.18"]
[Round "2.1"]
[White "Gogin, Ruslan"]
[Black "Kanep, Meelis"]
[Result "0-1"]
[WhiteElo "2100"]
[BlackElo "2446"]
[PlyCount "100"]
[EventDate "2003.05.17"]
[EventType "k.o."]
[EventRounds "6"]
[EventCountry "EST"]
[SourceTitle "CBM 094 Extra"]
[Source "ChessBase"]
[SourceDate "2003.07.09"]
[SourceVersion "2"]
[SourceVersionDate "2003.07.09"]
[SourceQuality "1"]

1. d4 Nf6 2. Nf3 e6 3. c4 d5 4. Nc3 Bb4 5. Bg5 h6 6. Bxf6 Qxf6 7. Qa4+ Nc6 8. Ne5 0-0 9. Nxc6 Bxc3+ 10. bxc3 Bd7 11. cxd5 exd5 12. e3 a6 13. Be2 b5 14. Qb3 Qxc6 15. 0-0 Qd6 16. Bf3 Bc6 17. Qb4 Rfc8 18. Rab1 a5 19. Qc5 Rab8 20. Rfd1 Kf8 21. Rd2 Rb7 22. a3 Ke7 23. Re1 Rd8 24. e4 dxe4 25. Bxe4 Bxe4 26. Qf5 Kf8 27. Qxe4 Qe6 28. Qxe6 fxe6 29. Rb2 Ke7 30. f4 Rd5 31. Re4 Rb6 32. Kf2 Rc6 33. Re3 Kd7 34. Ke2 Rc4 35. Kd3 Ra4 36. Rb3 c5 37. Kc2 c4 38. Rb2 Rxa3 39. Rg3 g5 40. fxg5 hxg5 41. Rf3 Kc6 42. Rf8 a4 43. Re8 Kd7 44. Rg8 Rf5 45. g4 Rf2+ 46. Kb1 Rb3 47. Rxb3 cxb3 48. Ra8 Kc6 49. c4 bxc4 50. Rxa4 Kb5 0-1

[Event "Hallsberg op U18 38th"]
[Site "Hallsberg"]
[Date "2003.01.03"]
[Round "7"]
[White "Olsson, Linus"]
[Black "Gogin, Ruslan"]
[Result "0-1"]
[WhiteElo "2291"]
[BlackElo "2109"]
[PlyCount "70"]
[EventDate "2002.12.28"]
[EventType "swiss"]
[EventRounds "9"]
[EventCountry "SWE"]
[SourceTitle "CBM 091 Extra"]
[Source "ChessBase"]
[SourceDate "2003.01.09"]
[SourceVersion "1"]
[SourceVersionDate "2003.01.09"]
[SourceQuality "1"]

1. d4 Nf6 2. c4 e6 3. g3 c5 4. d5 exd5 5. cxd5 b5 6. Bg2 d6 7. Nh3 g6 8. 0-0 Bg7 9. f4 0-0 10. Nf2 Re8 11. e4 Nbd7 12. g4 h6 13. Qf3 Bb7 14. Qh3 Nh7 15. Nd2 c4 16. Rb1 Nc5 17. b4 Na4 18. Ba3 Nc3 19. Rbe1 Nxa2 20. g5 h5 21. Bf3 a5 22. Bxh5 axb4 23. Bb2 c3 24. Re3 cxb2 25. Ng4 Nxg5 26. fxg5 Qxg5 27. Rg3 Ra3 28. Nf3 Rxf3 29. Nf6+ Bxf6 30. Bxf3 Qc1 31. Qg2 Bd4+ 32. Kh1 Bg7 33. Bd1 b1Q 34. Rxg6 fxg6 35. Qxg6 Qxe4+ 0-1

[Event "Hallsberg op U18 38th"]
[Site "Hallsberg"]
[Date "2003.01.02"]
[Round "6"]
[White "Gogin, Ruslan"]
[Black "Kryger, Oksana"]
[Result "1-0"]
[WhiteElo "2109"]
[BlackElo "2088"]
[PlyCount "87"]
[EventDate "2002.12.28"]
[EventType "swiss"]
[EventRounds "9"]
[EventCountry "SWE"]
[SourceTitle "CBM 091 Extra"]
[Source "ChessBase"]
[SourceDate "2003.01.09"]
[SourceVersion "1"]
[SourceVersionDate "2003.01.09"]
[SourceQuality "1"]

1. d4 Nf6 2. c4 e6 3. Nc3 Bb4 4. e3 c5 5. Bd3 Nc6 6. Nge2 cxd4 7. exd4 d5 8. cxd5 Nxd5 9. 0-0 Nf6 10. Qc2 Be7 11. a3 0-0 12. Be3 h6 13. Rfd1 Kh8 14. f3 a6 15. Qd2 h5 16. Bc2 Nd5 17. Nxd5 exd5 18. Ng3 g6 19. Bh6 Re8 20. Bf4 Bf6 21. Nxh5 Bxd4+ 22. Kh1 Qh4 23. Ng3 Kg7 24. Bg5 Qh7 25. Ba4 Be5 26. f4 f6 27. fxe5 fxg5 28. Bxc6 Rh8 29. Nf1 bxc6 30. Qxg5 Qh4 31. Qxh4 Rxh4 32. Rac1 Bg4 33. Rd4 Rah8 34. Rxc6 Be2 35. Rc7+ Kf8 36. Rxd5 Ke8 37. Rc8+ Ke7 38. Rxh8 Rxh8 39. Ng3 Bb5 40. Rd6 Rc8 41. h4 Rc2 42. Rxg6 Rxb2 43. Nf5+ Kf7 44. Rf6+ 1-0

[Event "Artek ol U16"]
[Site "Artek"]
[Date "2000.09.12"]
[Round "2"]
[White "Amanov, Mesgen"]
[Black "Gogin, Ruslan"]
[Result "0-1"]
[WhiteElo "2012"]
[BlackElo "2087"]
[PlyCount "120"]
[EventDate "2000.09.??"]
[EventType "team"]
[EventRounds "9"]
[EventCountry "UKR"]
[SourceTitle "CBM 078 Extra"]
[Source "ChessBase"]
[SourceDate "2000.11.10"]
[SourceVersion "1"]
[SourceVersionDate "2000.11.10"]
[SourceQuality "1"]

1. d4 f5 2. c4 e6 3. Nc3 Nf6 4. Nf3 d5 5. Bg5 c6 6. e3 Nbd7 7. Qc2 Qa5 8. Nd2 Ne4 9. Ndxe4 fxe4 10. Bf4 Bb4 11. Be2 0-0 12. 0-0 e5 13. Bxe5 Nxe5 14. dxe5 Be6 15. Rfd1 Rf7 16. a3 Bxc3 17. Qxc3 Qxc3 18. bxc3 Raf8 19. f4 exf3 20. gxf3 g5 21. Rab1 b6 22. cxd5 cxd5 23. c4 dxc4 24. Rd6 Re8 25. Rxe6 Rxe6 26. Bxc4 Rxe5 27. Bxf7+ Kxf7 28. Kf2 Rc5 29. Rb3 Ke6 30. Rd3 h5 31. h3 Rc2+ 32. Kg1 Ra2 33. Rb3 Kf6 34. Rc3 Ke6 35. Rb3 Kd6 36. Rd3+ Kc5 37. f4 gxf4 38. exf4 Rc2 39. Rd7 Rc4 40. f5 Rf4 41. Rxa7 Rxf5 42. Ra4 Kb5 43. Rb4+ Ka5 44. Kg2 Rc5 45. Rb3 Rb5 46. Re3 Ka4 47. h4 Rb2+ 48. Kg1 Rb3 49. Re5 Rxa3 50. Rxh5 b5 51. Rh8 b4 52. h5 Kb3 53. h6 Ra7 54. Kf1 Ka2 55. Rg8 b3 56. Rg7 Ra8 57. h7 b2 58. Ra7+ Rxa7 59. h8Q b1Q+ 60. Ke2 Qb2+ 0-1

[Event "Keres Memorial op"]
[Site "Tallinn"]
[Date "2000.08.21"]
[Round "8"]
[White "Gogin, Ruslan"]
[Black "Teemae, Leo A"]
[Result "1-0"]
[WhiteElo "2087"]
[BlackElo "2135"]
[PlyCount "79"]
[EventDate "2000.08.14"]
[EventType "swiss"]
[EventRounds "9"]
[EventCountry "EST"]
[SourceTitle "CBM 077 Extra"]
[Source "ChessBase"]
[SourceDate "2000.09.14"]
[SourceVersion "1"]
[SourceVersionDate "2000.09.14"]
[SourceQuality "1"]

1. d4 Nf6 2. g3 e6 3. Bg2 d5 4. Nf3 Be7 5. c4 0-0 6. Nc3 dxc4 7. Qa4 a6 8. Qxc4 b5 9. Qb3 Bb7 10. e3 Nbd7 11. 0-0 c5 12. a3 b4 13. axb4 cxb4 14. Na4 Bd5 15. Qd3 Rc8 16. Nd2 Bxg2 17. Kxg2 Qa5 18. b3 Qb5 19. Nc4 e5 20. Bb2 e4 21. Qe2 Rc6 22. Bc1 Rfc8 23. Nab2 Bd8 24. Bd2 Nd5 25. Rfc1 Rh6 26. Qd1 Rcc6 27. Ne5 Nxe5 28. dxe5 Bc7 29. Qg4 Rhe6 30. Nc4 Nc3 31. Bxc3 bxc3 32. Rxc3 Bxe5 33. Rd1 g6 34. Rcc1 Bf6 35. Qe2 Rc5 36. Qa2 Rd5 37. Qc2 Rxd1 38. Qxd1 Rc6 39. Nd6 Rxc1 40. Qxc1 1-0

[Event "Keres Memorial op"]
[Site "Tallinn"]
[Date "2000.08.14"]
[Round "1"]
[White "Gogin, Ruslan"]
[Black "Kulaots, Kaido"]
[Result "0-1"]
[WhiteElo "2087"]
[BlackElo "2491"]
[PlyCount "34"]
[EventDate "2000.08.14"]
[EventType "swiss"]
[EventRounds "9"]
[EventCountry "EST"]
[SourceTitle "CBM 077 Extra"]
[Source "ChessBase"]
[SourceDate "2000.09.14"]
[SourceVersion "1"]
[SourceVersionDate "2000.09.14"]
[SourceQuality "1"]

1. Nf3 Nf6 2. g3 g6 3. Bg2 Bg7 4. d4 0-0 5. 0-0 d6 6. c4 Nc6 7. Nc3 a6 8. h3 Rb8 9. d5 Na5 10. Qd3 c5 11. dxc6 bxc6 12. c5 d5 13. e4 dxe4 14. Qxd8 Rxd8 15. Ng5 Nc4 16. Rb1 Nd5 17. Rd1 Bxc3 0-1

[Event "Wch U14"]
[Site "Oropesa del Mar"]
[Date "1999.10.25"]
[Round "2"]
[White "Berkes, Ferenc"]
[Black "Gogin, Ruslan"]
[Result "1-0"]
[WhiteElo "2353"]
[BlackElo "2126"]
[PlyCount "69"]
[EventDate "1999.10.24"]
[EventType "swiss"]
[EventRounds "11"]
[EventCountry "ESP"]
[SourceTitle "CBM 072 Extra"]
[Source "ChessBase"]
[SourceDate "1999.11.18"]
[SourceVersion "1"]
[SourceVersionDate "1999.11.18"]
[SourceQuality "1"]

1. d4 f5 2. Nc3 Nf6 3. Bg5 c6 4. Qd3 d5 5. f3 b5 6. a3 g6 7. e4 fxe4 8. fxe4 dxe4 9. Nxe4 Bf5 10. Bxf6 exf6 11. 0-0-0 Bh6+ 12. Kb1 0-0 13. Ne2 Nd7 14. Qb3+ Kh8 15. Nd6 Qe7 16. Nxf5 gxf5 17. Ng3 Qf7 18. Qf3 Rfc8 19. Nxf5 Bf8 20. Be2 Rab8 21. Qh5 Qxh5 22. Bxh5 b4 23. axb4 Rxb4 24. Rhe1 Rcb8 25. b3 R4b5 26. g4 a5 27. Be8 R5b7 28. Rd3 a4 29. Ree3 axb3 30. Rxb3 Rxb3+ 31. cxb3 Rb7 32. Bxd7 Rxd7 33. Re6 Rb7 34. Kc2 Ra7 35. Rxf6 1-0

[Event "EST-ch sf"]
[Site "Tallinn"]
[Date "1999.03.13"]
[Round "8"]
[White "Lelumees, Brait"]
[Black "Gogin, Ruslan"]
[Result "1/2-1/2"]
[WhiteElo "2155"]
[BlackElo "2117"]
[PlyCount "26"]
[EventDate "1999.03.06"]
[EventType "swiss"]
[EventRounds "9"]
[EventCountry "EST"]
[SourceTitle "EXT 2001"]
[Source "ChessBase"]
[SourceDate "2000.11.22"]
[SourceVersion "1"]
[SourceVersionDate "2000.11.22"]
[SourceQuality "1"]

1. c4 f5 2. Nc3 b6 3. d4 Bb7 4. Nf3 e6 5. d5 Bb4 6. Bd2 a5 7. e4 fxe4 8. Nxe4 Nf6 9. Bxb4 axb4 10. Nxf6+ Qxf6 11. Qb3 exd5 12. cxd5 Qe7+ 13. Be2 Kd8 1/2-1/2

[Event "EST-ch sf"]
[Site "Tallinn"]
[Date "1999.03.12"]
[Round "7"]
[White "Gogin, Ruslan"]
[Black "Parnits, Rauno"]
[Result "0-1"]
[WhiteElo "2117"]
[BlackElo "2143"]
[PlyCount "61"]
[EventDate "1999.03.06"]
[EventType "swiss"]
[EventRounds "9"]
[EventCountry "EST"]
[SourceTitle "EXT 2001"]
[Source "ChessBase"]
[SourceDate "2000.11.22"]
[SourceVersion "1"]
[SourceVersionDate "2000.11.22"]
[SourceQuality "1"]

1. f4 e5 2. fxe5 d6 3. Nf3 Nc6 4. e4 Nxe5 5. d4 Nxf3+ 6. Qxf3 Qh4+ 7. g3 Qg4 8. Qxg4 Bxg4 9. Bc4 Be6 10. Bd3 0-0-0 11. 0-0 d5 12. exd5 Rxd5 13. Be3 Nf6 14. c4 Rd7 15. d5 Bh3 16. Rf4 Bd6 17. Rh4 Re7 18. Bd4 Bd7 19. Nc3 Be5 20. Rf1 h5 21. c5 Ng4 22. Bxe5 Rxe5 23. c6 bxc6 24. dxc6 Be6 25. h3 g5 26. Ba6+ Kd8 27. Rd1+ Ke7 28. hxg4 gxh4 29. gxh5 Rexh5 30. Kg2 Rf5 31. Rd4 0-1

[Event "Saare Karikas Memorial 30"]
[Site "Estonia"]
[Date "1999.??.??"]
[Round "?"]
[White "Gogin, Ruslan"]
[Black "Voon, Viktor"]
[Result "0-1"]
[WhiteElo "2117"]
[BlackElo "2172"]
[PlyCount "92"]
[EventDate "1999.??.??"]
[EventType "swiss"]
[EventRounds "5"]
[EventCountry "EST"]
[SourceTitle "EXT 2002"]
[Source "ChessBase"]
[SourceDate "2001.11.25"]
[SourceVersion "1"]
[SourceVersionDate "2001.11.25"]
[SourceQuality "1"]

1. f4 g6 2. e3 Bg7 3. d4 d6 4. Nf3 Nd7 5. Bc4 e6 6. c3 Ne7 7. Nbd2 0-0 8. 0-0 c5 9. Qe2 d5 10. Bd3 f6 11. e4 cxd4 12. exd5 dxc3 13. Qxe6+ Kh8 14. d6 Qb6+ 15. Kh1 cxd2 16. Bxd2 Nf5 17. Bxf5 gxf5 18. Rac1 Nc5 19. Qd5 Ne4 20. d7 Bxd7 21. Qxd7 Rfd8 22. Qe7 Nf2+ 23. Rxf2 Qxf2 24. Rc7 Rg8 25. Bc3 Rae8 26. Qf7 Qf1+ 27. Ng1 Qxf4 28. Bxf6 Qh6 29. Bxg7+ Qxg7 30. Qxg7+ Rxg7 31. Rc2 Rd7 32. g3 Kg7 33. Kg2 Kf6 34. Nf3 Re6 35. Kf2 Ra6 36. b3 Rc6 37. Re2 Rc3 38. Nd2 b5 39. Nf3 b4 40. Nd2 Re7 41. Nf3 Rxe2+ 42. Kxe2 Rc2+ 43. Kd3 Rxa2 44. Kc4 Rf2 45. Nd4 Rxh2 46. Kxb4 Rg2 0-1